| 000 | 01208nam a22003377a 4500 | ||
|---|---|---|---|
| 005 | 20110630143633.0 | ||
| 008 | 110630t xxu||||| |||| 00| 0 eng d | ||
| 010 | _aENG-102922 | ||
| 020 |
_c2500.00 _a9789380581026 |
||
| 020 |
_c2500.00 _a9380581025 |
||
| 035 | _aEN-86455 | ||
| 037 | _bDBAD / PUB | ||
| 040 |
_adpl _bEnglish |
||
| 100 | _928493 | ||
| 110 | _928532 | ||
| 245 |
_aWonders of Lo : _cedited by Erberto Lo Bue _bthe artistic heritage of Mustang / |
||
| 260 |
_aMumbai _bThe Marg Foundation _c2010 |
||
| 270 |
_aArmy and Navy Building, 3rd Floor, 148, M.G. Road _bMumbai _e400001 |
||
| 300 |
_av.62 no. 2(164p). : _c28cm (Hb) _bchiefly col. ill., col. map |
||
| 500 | _a"Vol. 62, no. 2, December 2010"--T.p. verso; simultaneously issued in serial format as an issue of Mārg. | ||
| 500 | _aIncludes bibliographical references and index | ||
| 520 | _aContributed articles. | ||
| 600 | _928594 | ||
| 610 | _928529 | ||
| 650 | _928788 | ||
| 700 |
_928520 _aLo Bue, Erberto F. |
||
| 710 | _928535 | ||
| 942 |
_2ddc _cEN _mWON |
||
| 999 |
_c53448 _d53448 |
||